| 000 | 00964nam a22002415i 4500 | ||
|---|---|---|---|
| 001 | 166040 | ||
| 003 | ES-MaACL | ||
| 005 | 20250914145940.0 | ||
| 008 | 980928s1893 sp |||| | spa d | ||
| 040 |
_aAS _bspa _cAS |
||
| 100 | 1 |
_aTarde, Gabriel de, _d1843-1904 _9133127 |
|
| 245 | 1 | 3 |
_aLa criminalidad comparada / _cpor Gabriel Tarde ; prólogo y notas de A. Posada ; con una carta del autor escrita para la primera edición española. |
| 250 | _a2ª ed. | ||
| 260 |
_aMadrid : _bLa España Moderna, _c[s.a.] ( _fImp. de Gabriel L. Horno) |
||
| 300 |
_a275 p. ; _c22 cm. |
||
| 490 | 1 | _aBiblioteca de jurisprudencia, filosofía e historia | |
| 596 | _aPalau, T. XXII, p. 442, 327618 lo fecha en 1893. | ||
| 650 | 0 | 7 |
_aDerecho penal _2embne _911749 |
| 700 | 1 |
_aPosada, Adolfo, _d1860-1944 _993316 |
|
| 830 | 0 | 0 |
_aBiblioteca de jurisprudencia, filosofía e historia _9180691 |
| 852 |
_aES-MaACL _jF-14958 _z- Enc. hol. |
||
| 999 |
_c166040 _d166040 |
||